000 00513nam a2200133 a 4500
008 120416s1982 ||||||||||||||||| || u
050 _aIMF(08)
100 _aWilliams, Richard C
245 1 0 _aInternational capital markets developments and prospects, 1982
260 _aWashington, D. C.
_bInternational Monetary Fund
_c1982
300 _avii, 75p. : ill.
350 _a0.00
995 _D0.00
_FCBU-MAIN LIBRARY (Kitwe)
_H1
_I5.00
_UAVAILABLE
_ZInternational Publications
999 _c47310
_d47310